আগুন গতিবিদ্যা ও নিরাপত্তা কৌশল / (Record no. 14149)
[ view plain ]
| 000 -LEADER | |
|---|---|
| fixed length control field | 00779nam a2200217 a 4500 |
| 001 - CONTROL NUMBER | |
| JCCL Control Number | 14149 |
| 003 - CONTROL NUMBER IDENTIFIER | |
| JCCL marc code | BD-JhCC |
| 005 - DATE AND TIME OF LATEST TRANSACTION | |
| control field | 20250130094232.0 |
| 008 - FIXED-LENGTH DATA ELEMENTS--GENERAL INFORMATION | |
| fixed length control field | 250130b2023 b |||| ||a| 000 0 b d |
| 035 ## - SYSTEM CONTROL NUMBER | |
| system control number | (BD-JhCC)14149 |
| 040 ## - CATALOGING SOURCE | |
| Original cataloging agency | BD-JhCC |
| Modifying agency | BD-JhCC |
| 041 ## - LANGUAGE CODE | |
| Language code of Book | Bengali |
| 082 ## - DEWEY DECIMAL CLASSIFICATION NUMBER | |
| Classification number | 693.82 |
| Author mark and Year | ALM 2023 |
| 100 ## - MAIN ENTRY--PERSONAL NAME | |
| Personal name | আলম,প্রকৌশলী মোঃ শাহজাহান |
| 245 ## - TITLE STATEMENT | |
| Title | আগুন গতিবিদ্যা ও নিরাপত্তা কৌশল / |
| Statement of responsibility, etc | প্রকৌশলী মোঃ শাহজাহান আলম। |
| 260 ## - PUBLICATION, DISTRIBUTION, ETC. (IMPRINT) | |
| Place of publication, distribution, etc | ঢাকা: |
| Name of publisher, distributor, etc | রাহবার পাবলিকেশন; |
| Date of publication, distribution, etc | 2023. |
| 300 ## - PHYSICAL DESCRIPTION | |
| Pagination | 156 p. : |
| Other physical details | ill; |
| Dimensions | 22 cm |
| 651 ## - SUBJECT ADDED ENTRY--GEOGRAPHIC NAME | |
| Geographic name | Building Fire Safety & Prevention. |
| 942 ## - ADDED ENTRY ELEMENTS (KOHA) | |
| Source of classification or shelving scheme | Dewey Decimal Classification |
| Koha item type | Books |
| Source of classification or shelving scheme | Damaged status | Not for loan | Home library | Current library | Shelving location | Date of accession | Source of acquisition | Cost, normal purchase price | Total Checkouts | Full call number | Barcode | Date last seen | Copy number | Method of acquisition | Koha item type | Currency |
|---|---|---|---|---|---|---|---|---|---|---|---|---|---|---|---|---|
| Dewey Decimal Classification | JCC Rouf Library | JCC Rouf Library | General Stacks | With the compliments of Maj (Retd) Syed Sakhawat Hussain,07/0388/K | 350.00 | 693.82 ALM 2023 | 19763 | 01/30/2025 | C-1 | Gift/Donation | Books | BDT |